000
00403nam a22001697a 4500
003
MPLRDC
005
20220104144024.0
008
210129b ||||| |||| 00| 0 eng d
082
_a
448.6 DSY
100
_a
董考义等著
245
_a
999问写答--电子世界
_c
250
_a
初版
260
_a
_b
新蕾出版社
_c
1991
300
_b
平
650
_a
电子工程
942
_c
BK
_o
448.6 DSY
999
_c
45618
_d
45608